| 000 | 00577 a2200205 4500 | ||
|---|---|---|---|
| 001 | 139349 | ||
| 003 | OSt | ||
| 005 | 20251205165917.0 | ||
| 008 | |||
| 020 | _a8131603296 | ||
| 082 |
_a294.5211095452 _bB46C |
||
| 100 | 1 | _aBhatt, G.S. | |
| 245 | 1 |
_aCult, religion and society _b: polyandrous people of western himalaya _cby G. S. Bhatt |
|
| 260 |
_aJaipur _bRawat Publication _c2010 |
||
| 300 | _axii, 420p. | ||
| 546 | _aenglish | ||
| 650 | _aCulture & media | ||
| 653 | _aManners and customs; Religion; Folklore | ||
| 942 |
_2ddc _cBK |
||
| 999 |
_c12025 _d12025 |
||